Statistiques concernant BIBLE - Le fruit de l'Esprit

Cliquez ici pour prendre le quiz!

Statistiques générales

  • Ce quiz a été pris 18 fois
  • Le résultat moyen est 5 sur 9

Statistiques - réponses

Composant% Correct
Amour
100%
Paix
88%
Patience
88%
Joie
75%
Bonté
44%
Fidélité
44%
Douceur
44%
Tempérance
44%
Bénignité
19%

Distribution des résultats

Percentile par nombre de réponses

% des personnes avec chaque résultat

Votre développement - résultats

Vous n’avez pas pris ce quiz